Famous Captains - Statistics

General Stats
  • This quiz has been taken 33 times
  • The average score is 7 of 16
Answer Stats
Hint Captain % Correct
The First Avenger Captain America
93%
Pirate captain whose hand was eaten by a croc Captain Hook
87%
Seeks revenge on a white whale Captain Ahab
83%
Captain of the Nautilus Captain Nemo
80%
His ship was hijacked by Somali pirates. Captain Phillips
73%
Spiced rum mascot, or 17th-century Welsh privateer Captain Morgan
60%
Duo of 1973's "Love Will Keep Us Together" Captain & Tennille
47%
Superhero Carol Danvers (Not DC) Captain Marvel
47%
Eco-hero with five powers combined Captain Planet
33%
Bob Keshan title character of kids' series ('55–'84) Captain Kangaroo
30%
Magic Band leader of Trout Mask Replica Captain Beefheart
23%
Superhero who is a hypnotized principal Captain Underpants
23%
The world's first superhero...with Teen Angels Captain Caveman
17%
Superflu outbreak in Stephen King's The Stand Captain Trips
13%
Ouija spirit that Regan talks with in The Exorcist Captain Howdy
7%
Manga series focusing on soccer Captain Tsubasa
7%
No matching quizzes found
Score Distribution
Percent of People with Each Score
Percentile by Number Answered
Your Score History
You have not taken this quiz